[Event "Salerno op"]
[Site "Salerno "]
[Date "2012.01.29"]
[Round "5"]
[White "Skrijely, Edin"]
[Black "Loi, Andrea"]
[Result "1-0"]
[WhiteElo "1737"]
[BlackElo "2005"]
[PlyCount "87"]
[EventDate "2012.01.27"]
[EventType "swiss"]
[EventRounds "6"]
[EventCountry "ITA"]
[SourceTitle "EXT 2014"]
[Source "ChessBase"]
[SourceDate "2013.11.20"]
[SourceVersion "1"]
[SourceVersionDate "2013.11.20"]
[SourceQuality "1"]

1. e4 c5 2. Nc3 d6 3. f4 Nf6 4. Bc4 a6 5. d4 cxd4 6. Qxd4 Nc6 7. Qf2 e6 8. Be3 Ng4 9. Qe2 Nxe3 10. Qxe3 Be7 11. 0-0-0 0-0 12. Nf3 b5 13. Bd3 Bd7 14. Ng5 h6 15. h4 b4 16. Nb1 hxg5 17. hxg5 e5 18. Rh4 Bxg5 19. fxg5 Ne7 20. Qf3 Ng6 21. Qh5 Re8 22. Qh7+ Kf8 23. Rh5 Bg4 24. Rf1 Bxh5 25. Qxh5 Kg8 26. Bc4 Ra7 27. Qxg6 d5 28. Qh5 dxc4 29. Rh1 Kf8 30. Qh8+ Ke7 31. Qxg7 Qb6 32. Qxe5+ Kd8 33. Qf4 Rd7 34. Nd2 c3 35. Nc4 Qc7 36. Qf6+ Kc8 37. Nb6+ Kb7 38. Nxd7 Qxd7 39. bxc3 Re6 40. Qf3 bxc3 41. Qxc3 Rxe4 42. Qf3 Qc6 43. Qxf7+ Kb6 44. Rh6 1-0

[Event "Salerno op"]
[Site "Salerno "]
[Date "2012.01.28"]
[Round "3"]
[White "Chiusano, Raimondo"]
[Black "Loi, Andrea"]
[Result "1-0"]
[WhiteElo "2124"]
[BlackElo "2005"]
[PlyCount "89"]
[EventDate "2012.01.27"]
[EventType "swiss"]
[EventRounds "6"]
[EventCountry "ITA"]
[SourceTitle "EXT 2014"]
[Source "ChessBase"]
[SourceDate "2013.11.20"]
[SourceVersion "1"]
[SourceVersionDate "2013.11.20"]
[SourceQuality "1"]

1. Nf3 Nf6 2. g3 g6 3. Bg2 Bg7 4. c4 d6 5. 0-0 0-0 6. Nc3 Nbd7 7. Rb1 e5 8. d3 Ne8 9. b4 f5 10. Bg5 Bf6 11. Bh6 Bg7 12. Bg5 Bf6 13. Bd2 Bg7 14. Qc1 f4 15. gxf4 exf4 16. Nd5 g5 17. b5 Ne5 18. Kh1 g4 19. Nxe5 dxe5 20. Be4 Qh4 21. Rg1 Rf7 22. Rg2 Nd6 23. Bc3 Nxe4 24. dxe4 Qg5 25. Qd2 Be6 26. Ba5 b6 27. Bc3 h5 28. Rbg1 Kh7 29. Qc1 Rg8 30. Qd2 h4 31. Rxg4 Bxg4 32. h3 Qg6 33. f3 Bxf3+ 34. exf3 Qe6 35. Rg4 Bh6 36. Bxe5 Rxg4 37. hxg4 Bg7 38. Bxg7 Rxg7 39. Qd4 Rf7 40. e5 Qg6 41. Nf6+ Kg7 42. Qxf4 Qb1+ 43. Kh2 Qxa2+ 44. Kh3 Qf2 45. Qg5+ 1-0

[Event "Arco op 33rd"]
[Site "Arco"]
[Date "2011.10.25"]
[Round "4"]
[White "Loi, Andrea"]
[Black "Bozzao, Francesco"]
[Result "1-0"]
[WhiteElo "1993"]
[BlackElo "1830"]
[PlyCount "74"]
[EventDate "2011.10.22"]
[EventType "swiss"]
[EventRounds "9"]
[EventCountry "ITA"]
[SourceTitle "EXT 2012"]
[Source "ChessBase"]
[SourceDate "2011.11.24"]
[SourceVersion "1"]
[SourceVersionDate "2011.11.24"]
[SourceQuality "1"]

1. d4 Nf6 2. c4 e6 3. Nc3 Bb4 4. a3 Bxc3+ 5. bxc3 0-0 6. f3 d5 7. cxd5 exd5 8. e3 c5 9. Bd3 b6 10. Ne2 c4 11. Bb1 Re8 12. 0-0 Nbd7 13. Ng3 Bb7 14. Ra2 Nf8 15. Re2 Qd7 16. e4 dxe4 17. fxe4 Ng6 18. Bg5 Re6 19. Bxf6 Rxf6 20. Rxf6 gxf6 21. Nh5 Qd6 22. Qc1 Kh8 23. Rf2 Re8 24. Nxf6 Re6 25. e5 Qf8 26. Rf5 Qg7 27. Rh5 Rxf6 28. exf6 Qxf6 29. Qh6 Qg7 30. Qxg7+ Kxg7 31. Bxg6 hxg6 32. Re5 Kf6 33. g3 Bc6 34. Kf2 Ba4 35. h4 Bc6 36. Ke3 a6 37. Kf4 b5 1-0

[Event "Arco op 33rd"]
[Site "Arco"]
[Date "2011.10.24"]
[Round "3"]
[White "Qendro, Llambi"]
[Black "Loi, Andrea"]
[Result "1-0"]
[WhiteElo "2342"]
[BlackElo "1993"]
[PlyCount "35"]
[EventDate "2011.10.22"]
[EventType "swiss"]
[EventRounds "9"]
[EventCountry "ITA"]
[SourceTitle "EXT 2012"]
[Source "ChessBase"]
[SourceDate "2011.11.24"]
[SourceVersion "1"]
[SourceVersionDate "2011.11.24"]
[SourceQuality "1"]

1. d4 Nf6 2. c4 g6 3. Nc3 Bg7 4. e4 d6 5. f3 0-0 6. Bg5 Nc6 7. Nge2 a6 8. Qd2 Rb8 9. h4 h5 10. Nd5 e6 11. Nxf6+ Bxf6 12. 0-0-0 Bxg5 13. hxg5 e5 14. d5 Nd4 15. Nxd4 exd4 16. g4 hxg4 17. Qh2 Qxg5+ 18. f4 1-0

[Event "Cattolica op-B 3rd"]
[Site "Cattolica"]
[Date "2007.05.12"]
[Round "3"]
[White "Loi, Andrea"]
[Black "Dentale, Enrico"]
[Result "1-0"]
[WhiteElo "2024"]
[BlackElo "2003"]
[PlyCount "105"]
[EventDate "2007.05.11"]
[EventType "swiss"]
[EventRounds "5"]
[EventCountry "ITA"]
[SourceTitle "EXT 2024"]
[Source "ChessBase"]
[SourceDate "2023.10.10"]
[SourceVersion "1"]
[SourceVersionDate "2023.10.10"]
[SourceQuality "1"]

1. d4 c5 2. d5 f5 3. c4 Nf6 4. Nc3 g6 5. h4 d6 6. h5 Bg7 7. Bg5 Ne4 8. Nxe4 fxe4 9. hxg6 hxg6 10. Rxh8+ Bxh8 11. Qc2 Bf5 12. e3 Qb6 13. Rb1 Qa5+ 14. Kd1 Qxa2 15. Ne2 Na6 16. Nc3 Bxc3 17. bxc3 Qxc2+ 18. Kxc2 b6 19. Be2 e5 20. Rh1 Nc7 21. Rh8+ Kd7 22. Rxa8 Nxa8 23. g4 Be6 24. dxe6+ Kxe6 25. f4 Nc7 26. fxe5 Kxe5 27. Bf4+ Ke6 28. Bf1 Ne8 29. Bg2 d5 30. Bb8 a6 31. Bf1 a5 32. Ba7 Nf6 33. Bxb6 Kd6 34. Be2 a4 35. Bd8 Nd7 36. Kb2 Ne5 37. Bg5 Nd3+ 38. Bxd3 exd3 39. Bf4+ Kc6 40. e4 dxe4 41. Ka3 Kb6 42. Kxa4 Ka6 43. Kb3 Kb7 44. Kb2 Ka6 45. Kc1 Ka5 46. Kd2 Ka4 47. Bd6 Kb3 48. Bxc5 Kxc4 49. Bd4 Kb3 50. Bf2 Kc4 51. Be1 Kd5 52. Ke3 Ke5 53. c4 1-0

[Event "ITA-ch sf g/5' 1st"]
[Site "Playchess.com INT"]
[Date "2006.02.25"]
[Round "7"]
[White "Fiori, Bruno"]
[Black "Loi, Andrea"]
[Result "0-1"]
[WhiteElo "2218"]
[BlackElo "2075"]
[PlyCount "90"]
[EventDate "2006.02.25"]
[EventType "swiss (blitz)"]
[EventRounds "11"]
[EventCountry "ITA"]
[SourceTitle "CBM 111 Extra"]
[Source "ChessBase"]
[SourceDate "2006.05.09"]
[SourceVersion "1"]
[SourceVersionDate "2006.05.09"]
[SourceQuality "1"]

1. e4 d6 2. Nf3 Nf6 3. Nc3 c6 4. d4 Bg4 5. Be2 e6 6. 0-0 d5 7. e5 Nfd7 8. h3 Bxf3 9. Bxf3 c5 10. Re1 Nc6 11. dxc5 Bxc5 12. Bf4 0-0 13. Na4 Be7 14. c4 dxc4 15. Nc3 Qc7 16. Rc1 a6 17. Ne4 Ncxe5 18. Nd2 Nxf3+ 19. Qxf3 e5 20. Rxc4 Qa5 21. Be3 Rac8 22. Rec1 Rxc4 23. Rxc4 b5 24. Rc6 Nf6 25. a3 Rd8 26. Ne4 Qe1+ 27. Kh2 Nd5 28. Bg5 Bxg5 29. Nxg5 f6 30. Ne6 Rd7 31. Rc8+ Kf7 32. Nd8+ Ke7 33. Nc6+ Kd6 34. Nb8 Qd2 35. Nxd7 Kxd7 36. Ra8 a5 37. Ra7+ Ke6 38. Rxg7 h6 39. Qg4+ Kd6 40. Qd7+ Kc5 41. Qa7+ Kc4 42. Qxa5 Qxa5 43. b4 Nxb4 44. Rg6 Nd5 45. Rxf6 Nxf6 0-1

[Event "ITA-ch sf g/5' 1st"]
[Site "Playchess.com INT"]
[Date "2006.02.25"]
[Round "10"]
[White "Loi, Andrea"]
[Black "Bianco, Raffaele"]
[Result "1-0"]
[WhiteElo "2075"]
[BlackElo "2069"]
[PlyCount "77"]
[EventDate "2006.02.25"]
[EventType "swiss (blitz)"]
[EventRounds "11"]
[EventCountry "ITA"]
[SourceTitle "CBM 111 Extra"]
[Source "ChessBase"]
[SourceDate "2006.05.09"]
[SourceVersion "1"]
[SourceVersionDate "2006.05.09"]
[SourceQuality "1"]

1. d4 Nf6 2. c4 g6 3. Nc3 Bg7 4. e4 d6 5. f3 c5 6. d5 0-0 7. Be3 a6 8. Bd3 Nbd7 9. Nge2 Ne5 10. Rc1 Nfd7 11. Rb1 Nxd3+ 12. Qxd3 Ne5 13. Qc2 Nxc4 14. Bf2 b5 15. 0-0 Ne5 16. b4 c4 17. Nd4 Nd3 18. Be3 Bd7 19. a4 Qb6 20. Nce2 Rac8 21. Nf5 Qd8 22. Nxg7 Kxg7 23. Qc3+ f6 24. Qd2 bxa4 25. Bh6+ Kg8 26. Bxf8 Qxf8 27. Nd4 Qd8 28. Rbc1 Bb5 29. Rc3 Nxb4 30. Ne6 Qe8 31. Qh6 Qf7 32. f4 f5 33. exf5 Nxd5 34. Rg3 Qf6 35. fxg6 c3 36. gxh7+ Kh8 37. Rg6 Bxf1 38. Rxf6 exf6 39. Qg7# 1-0